[Event "San Francisco TNM Fall op"]
[Site "San Francisco"]
[Date "2017.11.21"]
[Round "5"]
[White "Cendejas, Juan"]
[Black "Gray, William"]
[Result "0-1"]
[WhiteElo "1653"]
[BlackElo "1983"]
[PlyCount "62"]
[EventDate "2017.10.24"]
[EventType "swiss"]
[EventRounds "9"]
[EventCountry "USA"]
[SourceTitle "EXT 2023"]
[Source "ChessBase"]
[SourceDate "2022.10.05"]
[SourceVersion "1"]
[SourceVersionDate "2022.10.05"]
[SourceQuality "1"]

1. e4 c5 2. b4 cxb4 3. d4 d5 4. e5 Nc6 5. a3 Qb6 6. Be3 Bf5 7. Bd3 Bxd3 8. Qxd3 e6 9. Ne2 Rc8 10. 0-0 Nge7 11. Rc1 Nf5 12. axb4 Bxb4 13. c3 Be7 14. Bd2 0-0 15. g4 Nh4 16. Be3 f5 17. Nf4 fxg4 18. Nd2 Nd8 19. h3 gxh3 20. Nxh3 Qc6 21. f4 Qe8 22. Kh2 Qh5 23. Rxa7 Qf5 24. Qe2 Rc7 25. c4 Bb4 26. Nb3 Rxc4 27. Rxc4 dxc4 28. Qxc4 Qe4 29. Qe2 Nf5 30. d5 exd5 31. Ra4 Nc6 0-1

[Event "San Francisco TNM Fall op"]
[Site "San Francisco"]
[Date "2016.11.29"]
[Round "7"]
[White "Gray, William"]
[Black "Jensen, Christian Patrick"]
[Result "1/2-1/2"]
[WhiteElo "2022"]
[BlackElo "1799"]
[PlyCount "35"]
[EventDate "2016.10.18"]
[EventType "swiss"]
[EventRounds "9"]
[EventCountry "USA"]
[SourceTitle "EXT 2018"]
[Source "ChessBase"]
[SourceDate "2017.10.13"]
[SourceVersion "1"]
[SourceVersionDate "2017.10.13"]
[SourceQuality "1"]

1. e4 c5 2. Nf3 d6 3. d4 cxd4 4. Nxd4 Nf6 5. Nc3 g6 6. g3 Bg7 7. Bg2 0-0 8. 0-0 Nc6 9. Nde2 Bd7 10. Nd5 Nxd5 11. exd5 Ne5 12. Rb1 Rc8 13. Bd2 Bg4 14. f3 Bf5 15. Nd4 Qb6 16. Bc3 Nc4 17. Re1 Rfe8 18. Kh1 1/2-1/2

[Event "San Francisco TNM Fall op"]
[Site "San Francisco"]
[Date "2016.10.25"]
[Round "2"]
[White "Gray, William"]
[Black "Yang, Eric"]
[Result "0-1"]
[WhiteElo "2022"]
[BlackElo "1851"]
[PlyCount "76"]
[EventDate "2016.10.18"]
[EventType "swiss"]
[EventRounds "9"]
[EventCountry "USA"]
[SourceTitle "EXT 2018"]
[Source "ChessBase"]
[SourceDate "2017.10.13"]
[SourceVersion "1"]
[SourceVersionDate "2017.10.13"]
[SourceQuality "1"]

1. e4 e5 2. d4 exd4 3. Qxd4 Nc6 4. Qe3 Nf6 5. Bd2 d6 6. Nc3 Be7 7. 0-0-0 0-0 8. Bd3 Ne5 9. Nf3 Nfg4 10. Qe2 Nxd3+ 11. cxd3 c6 12. h3 Ne5 13. g4 Be6 14. Nd4 c5 15. Nf5 Re8 16. Ne3 b5 17. Kb1 c4 18. dxc4 Bxc4 19. Nxc4 bxc4 20. Nd5 Bh4 21. Rhf1 Rb8 22. Bc3 Nd3 23. f4 Rb5 24. Rxd3 cxd3 25. Qxd3 Rb7 26. g5 f6 27. gxf6 Bxf6 28. Bxf6 gxf6 29. Qd4 Rf7 30. Rc1 Re6 31. f5 Re5 32. Nf4 Qe7 33. Ne6 Rxe6 34. fxe6 Qxe6 35. Qb4 Re7 36. Qb8+ Re8 37. Qb7 Qxe4+ 38. Qxe4 Rxe4 0-1

[Event "San Francisco TNM Fall op"]
[Site "San Francisco"]
[Date "2016.10.18"]
[Round "1"]
[White "Cunningham, Charles"]
[Black "Gray, William"]
[Result "0-1"]
[WhiteElo "1524"]
[BlackElo "2022"]
[PlyCount "34"]
[EventDate "2016.10.18"]
[EventType "swiss"]
[EventRounds "9"]
[EventCountry "USA"]
[SourceTitle "EXT 2018"]
[Source "ChessBase"]
[SourceDate "2017.10.13"]
[SourceVersion "1"]
[SourceVersionDate "2017.10.13"]
[SourceQuality "1"]

1. e4 c5 2. Nc3 Nc6 3. a3 g6 4. Nf3 Bg7 5. Bb5 Nd4 6. Ba4 e6 7. d3 Ne7 8. 0-0 Nec6 9. Bxc6 Nxc6 10. Bg5 Qa5 11. Bd2 d6 12. h3 Bd7 13. Rb1 Rc8 14. Re1 a6 15. Ne2 Qc7 16. Bc3 e5 17. Bd2 0-0 0-1

[Event "San Francisco TNM Winter op"]
[Site "San Francisco"]
[Date "2016.02.23"]
[Round "8"]
[White "Gray, William"]
[Black "Houshdaran, Soheil"]
[Result "1/2-1/2"]
[WhiteElo "2043"]
[BlackElo "1829"]
[PlyCount "107"]
[EventDate "2016.01.05"]
[EventType "swiss"]
[EventRounds "8"]
[EventCountry "USA"]
[SourceTitle "EXT 2018"]
[Source "ChessBase"]
[SourceDate "2017.10.13"]
[SourceVersion "1"]
[SourceVersionDate "2017.10.13"]
[SourceQuality "1"]

1. e4 c5 2. Nf3 d6 3. c3 Nf6 4. Bd3 g6 5. Bc2 Bg7 6. 0-0 0-0 7. Re1 Nc6 8. h3 b5 9. d4 cxd4 10. cxd4 Bb7 11. d5 Nb4 12. Bb3 Na6 13. Nc3 Nc5 14. Bc2 b4 15. Na4 Rc8 16. Nxc5 dxc5 17. Ne5 Ne8 18. f4 Nd6 19. Qe2 f5 20. Nc6 Bxc6 21. dxc6 Rxc6 22. e5 Nf7 23. Bb3 c4 24. Rd1 Qb6+ 25. Be3 Qa6 26. Bc2 e6 27. Rd7 b3 28. Rxa7 Qc8 29. axb3 c3 30. bxc3 Rxc3 31. Bd3 Rxb3 32. Rc1 Rc3 33. Rxc3 Qxc3 34. Bc4 Re8 35. Kh2 h6 36. Bd2 Qd4 37. Be3 Qe4 38. Qd3 Qxd3 39. Bxd3 g5 40. g3 h5 41. Bb5 Rb8 42. Bd7 Nd8 43. Kg2 g4 44. hxg4 hxg4 45. Bc5 Rb2+ 46. Kf1 Bf8 47. Bf2 Bb4 48. Ra8 Kf7 49. Rxd8 Ke7 50. Rb8 Kxd7 51. Rb7+ Kc6 52. Rg7 Kd5 53. Rd7+ Ke4 54. Rd4+ 1/2-1/2

[Event "San Francisco TNM Spring op"]
[Site "San Francisco"]
[Date "2015.04.21"]
[Round "6"]
[White "Nelson, Christopher"]
[Black "Gray, William"]
[Result "1/2-1/2"]
[WhiteElo "1665"]
[BlackElo "2050"]
[PlyCount "81"]
[EventDate "2015.03.17"]
[EventType "swiss"]
[EventRounds "8"]
[EventCountry "USA"]
[SourceTitle "EXT 2016"]
[Source "ChessBase"]
[SourceDate "2015.10.08"]
[SourceVersion "1"]
[SourceVersionDate "2015.10.08"]
[SourceQuality "1"]

1. e4 c5 2. Nf3 d6 3. d4 Nf6 4. Bb5+ Nbd7 5. Nc3 cxd4 6. Nxd4 g6 7. Bg5 Bg7 8. Qd2 0-0 9. f3 a6 10. Bc4 Ne5 11. Bb3 b5 12. Bh6 Nc4 13. Bxc4 bxc4 14. Bxg7 Kxg7 15. Nd5 Bb7 16. Nxf6 Kxf6 17. h4 e6 18. g4 Rc8 19. c3 Qa5 20. Qf4+ Ke7 21. Qg5+ Qxg5 22. hxg5 Rc5 23. Rxh7 Rxg5 24. 0-0-0 d5 25. exd5 Bxd5 26. Rf1 Rb8 27. Nc2 Re5 28. Nb4 Re2 29. Nc2 a5 30. Re1 Bxf3 31. Rxe2 Bxe2 32. Nd4 Rd8 33. Nxe2 e5 34. Ng3 Ke6 35. Ne4 f5 36. gxf5+ gxf5 37. Rh6+ Kd5 38. Nf6+ Ke6 39. Ng4+ Kd5 40. Ne3+ Ke4 41. Nxc4 1/2-1/2

[Event "San Francisco TNM Winter op"]
[Site "San Francisco"]
[Date "2014.01.21"]
[Round "3"]
[White "Maser, Thomas F"]
[Black "Gray, William"]
[Result "0-1"]
[WhiteElo "1947"]
[BlackElo "2034"]
[PlyCount "32"]
[EventDate "2014.01.07"]
[EventType "swiss"]
[EventRounds "8"]
[EventCountry "USA"]
[SourceTitle "EXT 2016"]
[Source "ChessBase"]
[SourceDate "2015.10.08"]
[SourceVersion "1"]
[SourceVersionDate "2015.10.08"]
[SourceQuality "1"]

1. e4 c5 2. Nf3 d6 3. d4 Nf6 4. Nc3 cxd4 5. Nxd4 a6 6. Be2 g6 7. Be3 Bg7 8. f4 Nc6 9. 0-0 Bd7 10. a4 Rc8 11. Kh1 0-0 12. Bf3 Na5 13. Nde2 Nc4 14. Bf2 Ng4 15. Nd4 Nxf2+ 16. Rxf2 Nxb2 0-1

[Event "San Francisco TNM Winter op"]
[Site "San Francisco"]
[Date "2014.01.14"]
[Round "2"]
[White "Gray, William"]
[Black "Sherwood, Peter"]
[Result "1-0"]
[WhiteElo "2034"]
[BlackElo "1808"]
[PlyCount "29"]
[EventDate "2014.01.07"]
[EventType "swiss"]
[EventRounds "8"]
[EventCountry "USA"]
[SourceTitle "EXT 2016"]
[Source "ChessBase"]
[SourceDate "2015.10.08"]
[SourceVersion "1"]
[SourceVersionDate "2015.10.08"]
[SourceQuality "1"]

1. e4 c5 2. Nc3 Nc6 3. Nf3 d6 4. d4 cxd4 5. Nxd4 Nf6 6. Be2 g6 7. Bg5 Bg7 8. Nb3 Be6 9. 0-0 0-0 10. f4 Qb6+ 11. Kh1 Rad8 12. f5 Bc8 13. Bxf6 exf6 14. Nd5 Qa6 15. Bxa6 1-0

[Event "San Francisco TNM Winter op"]
[Site "San Francisco"]
[Date "2013.01.08"]
[Round "1"]
[White "Gray, William"]
[Black "Ayala, Nicholas"]
[Result "1-0"]
[WhiteElo "2004"]
[BlackElo "1532"]
[PlyCount "49"]
[EventDate "2013.01.08"]
[EventType "swiss"]
[EventRounds "8"]
[EventCountry "USA"]
[SourceTitle "EXT 2016"]
[Source "ChessBase"]
[SourceDate "2015.10.08"]
[SourceVersion "1"]
[SourceVersionDate "2015.10.08"]
[SourceQuality "1"]

1. e4 c5 2. Nf3 d6 3. c3 Nc6 4. d4 cxd4 5. cxd4 e6 6. Nc3 Nf6 7. Bd3 Be7 8. 0-0 Bd7 9. Qe2 e5 10. d5 Nb4 11. Bb5 Qa5 12. Bd2 Rc8 13. a3 Nc2 14. Bxd7+ Nxd7 15. Rac1 Nd4 16. Nxd4 exd4 17. Nb5 Qd8 18. Rxc8 Qxc8 19. Rc1 Qb8 20. Qg4 Bf6 21. Rc7 Nb6 22. Rxb7 Qd8 23. Nxa7 0-0 24. Nc6 h5 25. Qf3 1-0

[Event "San Francisco TNM Marathon op"]
[Site "San Francisco"]
[Date "2012.09.25"]
[Round "9"]
[White "Gray, William"]
[Black "MacIntyre, Brendan"]
[Result "1-0"]
[WhiteElo "2007"]
[BlackElo "1689"]
[PlyCount "87"]
[EventDate "2012.07.31"]
[EventType "swiss"]
[EventRounds "9"]
[EventCountry "USA"]
[SourceTitle "EXT 2014"]
[Source "ChessBase"]
[SourceDate "2013.11.20"]
[SourceVersion "1"]
[SourceVersionDate "2013.11.20"]
[SourceQuality "1"]

1. e4 c5 2. Nf3 Nc6 3. Bb5 g6 4. c3 a6 5. Ba4 b5 6. Bc2 Bg7 7. 0-0 Bb7 8. Re1 Qc7 9. d4 cxd4 10. cxd4 Nf6 11. d5 Ne5 12. Nbd2 Nxf3+ 13. Nxf3 d6 14. Be3 0-0 15. Qd2 Rfc8 16. Rac1 Qd7 17. h3 Rc4 18. Bd3 Nxe4 19. Bxe4 Rxe4 20. b3 Qf5 21. Red1 e6 22. dxe6 Rxe6 23. Ne1 Qe4 24. Qd3 d5 25. Qxe4 dxe4 26. Rd7 Rc6 27. Rxb7 Rxc1 28. Bxc1 Bd4 29. Bh6 Re8 30. Kf1 f5 31. Bf4 Kh8 32. Nc2 Bc3 33. Ke2 Rd8 34. Rb8 Rxb8 35. Bxb8 Kg7 36. Ba7 Kf7 37. Bd4 Ba5 38. Ke3 Bc7 39. Nb4 a5 40. Nd5 Bb8 41. Bb6 a4 42. bxa4 bxa4 43. Nc3 a3 44. Nb5 1-0

[Event "San Francisco TNM Marathon op"]
[Site "San Francisco"]
[Date "2012.09.18"]
[Round "8"]
[White "Poling, Scott"]
[Black "Gray, William"]
[Result "1-0"]
[WhiteElo "1788"]
[BlackElo "2007"]
[PlyCount "83"]
[EventDate "2012.07.31"]
[EventType "swiss"]
[EventRounds "9"]
[EventCountry "USA"]
[SourceTitle "EXT 2014"]
[Source "ChessBase"]
[SourceDate "2013.11.20"]
[SourceVersion "1"]
[SourceVersionDate "2013.11.20"]
[SourceQuality "1"]

1. e4 c5 2. d4 cxd4 3. c3 d5 4. e5 Nc6 5. cxd4 Bf5 6. Nf3 e6 7. Qb3 Qb6 8. Qxb6 axb6 9. a3 Bg4 10. Be3 Nge7 11. Nc3 Nf5 12. Nb5 Bb4+ 13. Kd1 Kd7 14. Rc1 Be7 15. h3 Bxf3+ 16. gxf3 Rhc8 17. Bd3 Na5 18. Ke2 Rc6 19. Nc3 Nxe3 20. fxe3 Nc4 21. Rc2 Rac8 22. Rhc1 Kd8 23. Bxc4 Rxc4 24. Kd3 Kd7 25. Na4 Rxc2 26. Nxb6+ Kd8 27. Rxc2 Rxc2 28. Kxc2 f5 29. exf6 gxf6 30. e4 Kc7 31. Na4 dxe4 32. fxe4 Kd6 33. Kd3 Kc6 34. Nc3 b5 35. b4 Bf8 36. d5+ exd5 37. exd5+ Kb6 38. Ke4 Bd6 39. Ne2 Be5 40. Nd4 Ka6 41. Nc6 Bb2 42. d6 1-0

[Event "San Francisco TNM Fall op"]
[Site "San Francisco"]
[Date "2010.12.07"]
[Round "8"]
[White "Gray, William"]
[Black "Wong, Russell"]
[Result "0-1"]
[WhiteElo "2006"]
[BlackElo "2200"]
[PlyCount "53"]
[EventDate "2010.10.20"]
[EventType "swiss"]
[EventRounds "9"]
[EventCountry "USA"]
[SourceTitle "EXT 2012"]
[Source "ChessBase"]
[SourceDate "2011.11.24"]
[SourceVersion "1"]
[SourceVersionDate "2011.11.24"]
[SourceQuality "1"]

1. Nf3 d6 2. e4 e5 3. d4 exd4 4. Nxd4 g6 5. Nc3 Bg7 6. Bf4 Nc6 7. Nxc6 bxc6 8. Qd2 Be6 9. 0-0-0 Rb8 10. h4 Qc8 11. h5 Qb7 12. b3 Qb4 13. Nb1 Qxe4 14. Be2 Qxf4 15. Qxf4 Bh6 16. Qxh6 Nxh6 17. hxg6 hxg6 18. Rd4 Kf8 19. Ra4 Ra8 20. Bf3 Bd7 21. Ra6 d5 22. c4 dxc4 23. bxc4 Kg7 24. Bxc6 Bxc6 25. Rxc6 Rhc8 26. Re1 Nf5 27. Re4 0-1

[Event "San Francisco TNM Peter Grey op"]
[Site "San Francisco"]
[Date "2010.09.14"]
[Round "7"]
[White "Gray, William"]
[Black "Manvelyan, Hovik"]
[Result "1-0"]
[WhiteElo "2026"]
[BlackElo "1997"]
[PlyCount "99"]
[EventDate "2010.08.03"]
[EventType "swiss"]
[EventRounds "9"]
[EventCountry "USA"]
[SourceTitle "EXT 2012"]
[Source "ChessBase"]
[SourceDate "2011.11.24"]
[SourceVersion "1"]
[SourceVersionDate "2011.11.24"]
[SourceQuality "1"]

1. Nf3 e6 2. b3 d5 3. Bb2 f5 4. g3 Nf6 5. Bg2 c6 6. d3 Qc7 7. Nbd2 f4 8. 0-0 Bd6 9. e4 Nbd7 10. Ng5 Nf8 11. exd5 cxd5 12. Re1 fxg3 13. hxg3 Bd7 14. Bxf6 gxf6 15. Qh5+ Ng6 16. Nxe6 Bxe6 17. Rxe6+ Kd7 18. Rxf6 Raf8 19. Rxf8 Rxf8 20. Qxd5 Kc8 21. Qc4 Qxc4 22. Nxc4 Bc5 23. Ne3 Ne5 24. Be4 h5 25. Kg2 Bxe3 26. fxe3 Ng4 27. Bf3 Nxe3+ 28. Kf2 Ng4+ 29. Ke2 Kc7 30. Bxg4 hxg4 31. Rf1 Rh8 32. Rf4 Rg8 33. Ke3 Rg7 34. Ke4 Kd6 35. Kf5 b5 36. Rxg4 Rf7+ 37. Ke4 Rf2 38. c4 Rxa2 39. Rg6+ Kc7 40. Kd5 Ra3 41. c5 Rxb3 42. d4 Rd3 43. Rg7+ Kd8 44. Rxa7 Rxg3 45. Rb7 Rb3 46. Kd6 Kc8 47. c6 Rb4 48. Rf7 Kb8 49. Rf8+ Ka7 50. c7 1-0

[Event "San Francisco TNM Peter Grey op"]
[Site "San Francisco"]
[Date "2010.08.31"]
[Round "5"]
[White "Gray, William"]
[Black "James, Charles"]
[Result "1-0"]
[WhiteElo "2026"]
[BlackElo "1383"]
[PlyCount "33"]
[EventDate "2010.08.03"]
[EventType "swiss"]
[EventRounds "9"]
[EventCountry "USA"]
[SourceTitle "EXT 2012"]
[Source "ChessBase"]
[SourceDate "2011.11.24"]
[SourceVersion "1"]
[SourceVersionDate "2011.11.24"]
[SourceQuality "1"]

1. e4 e6 2. d4 d5 3. Nd2 c5 4. Ngf3 Nf6 5. exd5 exd5 6. Bb5+ Bd7 7. Qe2+ Be7 8. dxc5 0-0 9. Nb3 Nc6 10. 0-0 Re8 11. c3 Rc8 12. Bg5 Ne4 13. Bxe7 Rxe7 14. Qd3 Bg4 15. Bxc6 Rxc6 16. Nfd4 Rcc7 17. f3 1-0

[Event "San Francisco TNM Max Wilkerson op"]
[Site "San Francisco"]
[Date "2009.09.01"]
[Round "5"]
[White "Gray, William"]
[Black "Dembling, Arthur"]
[Result "1/2-1/2"]
[WhiteElo "2061"]
[BlackElo "1733"]
[PlyCount "60"]
[EventDate "2009.08.03"]
[EventType "swiss"]
[EventRounds "9"]
[EventCountry "USA"]
[SourceTitle "EXT 2012"]
[Source "ChessBase"]
[SourceDate "2011.11.24"]
[SourceVersion "1"]
[SourceVersionDate "2011.11.24"]
[SourceQuality "1"]

1. e4 e6 2. d4 d5 3. Nd2 Be7 4. e5 c5 5. c3 cxd4 6. cxd4 Nc6 7. Qg4 g6 8. Nb3 Qb6 9. h4 h5 10. Qd1 Bb4+ 11. Ke2 Bd7 12. g3 Na5 13. Kf3 Nxb3 14. axb3 Ne7 15. Bh3 Nf5 16. Bxf5 exf5 17. Bg5 f4 18. Kg2 fxg3 19. fxg3 Bg4 20. Nf3 0-0 21. Bf6 Rfc8 22. Rf1 Rc7 23. Qd3 Bf5 24. Qe3 Rc2+ 25. Rf2 Rac8 26. Raf1 Be4 27. Rxc2 Rxc2+ 28. Rf2 Rxf2+ 29. Kxf2 Qc6 30. Qe2 Qc2 1/2-1/2

[Event "San Francisco TNM Max Wilkerson op"]
[Site "San Francisco"]
[Date "2009.08.25"]
[Round "4"]
[White "Nelson, Christopher"]
[Black "Gray, William"]
[Result "0-1"]
[WhiteElo "1563"]
[BlackElo "2061"]
[PlyCount "62"]
[EventDate "2009.08.03"]
[EventType "swiss"]
[EventRounds "9"]
[EventCountry "USA"]
[SourceTitle "EXT 2012"]
[Source "ChessBase"]
[SourceDate "2011.11.24"]
[SourceVersion "1"]
[SourceVersionDate "2011.11.24"]
[SourceQuality "1"]

1. d4 d5 2. Nf3 Nc6 3. e3 Bg4 4. Be2 e6 5. Nbd2 Nf6 6. c3 Bd6 7. 0-0 0-0 8. Ne1 Bxe2 9. Qxe2 e5 10. dxe5 Nxe5 11. Nef3 Re8 12. Nxe5 Rxe5 13. Nf3 Re7 14. Nd4 Qd7 15. Qf3 Re5 16. g3 h5 17. Qg2 h4 18. f3 hxg3 19. hxg3 Rg5 20. Ne2 Re8 21. e4 Rg6 22. Be3 dxe4 23. Rad1 Qe7 24. Nf4 Bxf4 25. Bxf4 Nh5 26. Qd2 Nxg3 27. Bxg3 Rxg3+ 28. Kf2 e3+ 29. Qxe3 Qxe3+ 30. Kxg3 Qg5+ 31. Kh2 Qh4+ 0-1

[Event "San Francisco TNM Max Wilkerson op"]
[Site "San Francisco"]
[Date "2009.08.04"]
[Round "2"]
[White "Gray, William"]
[Black "Manvelyan, Hovik"]
[Result "0-1"]
[WhiteElo "2061"]
[BlackElo "1951"]
[PlyCount "112"]
[EventDate "2009.08.03"]
[EventType "swiss"]
[EventRounds "9"]
[EventCountry "USA"]
[SourceTitle "EXT 2012"]
[Source "ChessBase"]
[SourceDate "2011.11.24"]
[SourceVersion "1"]
[SourceVersionDate "2011.11.24"]
[SourceQuality "1"]

1. e4 e6 2. d4 d5 3. Nd2 c5 4. Ngf3 cxd4 5. exd5 Qxd5 6. Bc4 Qd6 7. 0-0 Nf6 8. Nb3 Nc6 9. Nbxd4 Nxd4 10. Nxd4 Qc7 11. b3 a6 12. Qf3 Bd6 13. Bg5 Bxh2+ 14. Kh1 Be5 15. Rad1 0-0 16. Qe2 b5 17. Nf3 Bf4 18. Bxf6 gxf6 19. Bd3 Qc5 20. Qe4 Qh5+ 21. Kg1 e5 22. g3 Bg4 23. Be2 f5 24. Qd5 e4 25. Nd4 Bxe2 26. Nxe2 Qxe2 27. gxf4 Qg4+ 28. Kh2 Qxf4+ 29. Kg2 Qg4+ 30. Kh2 Qh4+ 31. Kg2 Kh8 32. Qd4+ f6 33. Rg1 Rg8+ 34. Kf1 Rxg1+ 35. Kxg1 Rg8+ 36. Kf1 Qh1+ 37. Ke2 Qf3+ 38. Kf1 Qg2+ 39. Ke2 Qg6 40. Kd2 f4 41. Kc1 Re8 42. Qd2 e3 43. fxe3 fxe3 44. Qe2 Qe4 45. Rd7 Qe5 46. Kb1 Rg8 47. Rd1 f5 48. Rh1 f4 49. Qh2 Qf5 50. Qe2 Qe4 51. Qe1 Rc8 52. Rh2 f3 53. Qc1 e2 54. Qb2+ Kg8 55. Qf6 e1Q+ 56. Kb2 Qe5+ 0-1

[Event "San Francisco TNM Summer op"]
[Site "San Francisco"]
[Date "2009.06.16"]
[Round "4"]
[White "Ochoa, Jason"]
[Black "Gray, William"]
[Result "0-1"]
[WhiteElo "1900"]
[BlackElo "2057"]
[PlyCount "38"]
[EventDate "2009.05.26"]
[EventType "swiss"]
[EventRounds "8"]
[EventCountry "USA"]
[SourceTitle "EXT 2012"]
[Source "ChessBase"]
[SourceDate "2011.11.24"]
[SourceVersion "1"]
[SourceVersionDate "2011.11.24"]
[SourceQuality "1"]

1. c4 e5 2. Nc3 Nf6 3. g3 g6 4. Bg2 Bg7 5. Nf3 Nc6 6. 0-0 d6 7. h3 0-0 8. e3 Be6 9. b3 e4 10. Ng5 Bf5 11. f3 exf3 12. Nxf3 Ne4 13. Qe1 Nb4 14. Nxe4 Bxe4 15. d4 Nc2 16. Qc3 Nxa1 17. Qxa1 Re8 18. Qc3 c5 19. Kh1 Re7 0-1

[Event "San Francisco TNM Spring op"]
[Site "San Francisco"]
[Date "2009.04.14"]
[Round "5"]
[White "Gray, William"]
[Black "Shakhnazarov, Oleg"]
[Result "0-1"]
[WhiteElo "2081"]
[BlackElo "2178"]
[PlyCount "88"]
[EventDate "2009.03.16"]
[EventType "swiss"]
[EventRounds "8"]
[EventCountry "USA"]
[SourceTitle "EXT 2012"]
[Source "ChessBase"]
[SourceDate "2011.11.24"]
[SourceVersion "1"]
[SourceVersionDate "2011.11.24"]
[SourceQuality "1"]

1. e4 e6 2. d4 Be7 3. Nc3 d6 4. Nf3 Nd7 5. h3 h6 6. Be3 a6 7. Bd3 Bf6 8. Qd2 b5 9. e5 dxe5 10. Be4 Rb8 11. dxe5 Nxe5 12. Qxd8+ Kxd8 13. Ba7 Rb6 14. Bxb6 cxb6 15. 0-0-0+ Kc7 16. Nxe5 Bxe5 17. Rd3 Nf6 18. Rhd1 Bxc3 19. Rxc3+ Kb8 20. Bf3 Bb7 21. Rd6 Bxf3 22. Rxf3 Kc7 23. Rd4 Rf8 24. b3 a5 25. a3 Nd5 26. Rg4 g5 27. Re4 Kd6 28. Rd3 f5 29. Re1 b4 30. Kb2 Rc8 31. axb4 axb4 32. g3 e5 33. Red1 Rc5 34. Ra1 e4 35. Rd4 b5 36. Ra8 Ke5 37. Rd2 Kf6 38. Ra7 Ke5 39. Ra8 h5 40. Re8+ Kf6 41. Rd8 Ke6 42. Re8+ Kf6 43. Rh8 f4 44. Rxh5 e3 0-1

[Event "Reno Far West op"]
[Site "Reno"]
[Date "2007.04.06"]
[Round "2"]
[White "Gray, William"]
[Black "Peterson, David Norman"]
[Result "1-0"]
[WhiteElo "2063"]
[BlackElo "1865"]
[PlyCount "57"]
[EventDate "2007.04.06"]
[EventType "swiss"]
[EventRounds "6"]
[EventCountry "USA"]
[SourceTitle "EXT 2009"]
[Source "ChessBase"]
[SourceDate "2008.11.26"]
[SourceVersion "1"]
[SourceVersionDate "2008.11.26"]
[SourceQuality "1"]

1. e4 c5 2. Nf3 d6 3. c3 Nf6 4. Bd3 Bg4 5. h3 Bxf3 6. Qxf3 Nc6 7. Bc2 g6 8. 0-0 Bg7 9. d3 Qb6 10. Nd2 Qc7 11. Re1 0-0 12. Nf1 Rae8 13. Bg5 Nd7 14. Qe3 b5 15. Bh6 e6 16. Bxg7 Kxg7 17. Qg3 Qb8 18. Ne3 Rd8 19. a3 a6 20. f4 f5 21. exf5 exf5 22. Qf3 Ne7 23. Nd5 Nxd5 24. Qxd5 Rde8 25. Bb3 Nf6 26. Qf3 d5 27. Bxd5 Nxd5 28. Qxd5 Qxf4 29. Qd7+ 1-0

[Event "San Francisco TNM Summer op"]
[Site "San Francisco"]
[Date "2006.08.01"]
[Round "8"]
[White "Gray, William"]
[Black "Margulis, Igor"]
[Result "0-1"]
[WhiteElo "2021"]
[BlackElo "2227"]
[PlyCount "47"]
[EventDate "2006.06.06"]
[EventType "swiss"]
[EventRounds "8"]
[EventCountry "USA"]
[SourceTitle "EXT 2007"]
[Source "ChessBase"]
[SourceDate "2006.11.23"]
[SourceVersion "1"]
[SourceVersionDate "2006.11.23"]
[SourceQuality "1"]

1. e4 g6 2. d4 Bg7 3. c3 d6 4. Nf3 Nf6 5. Bd3 0-0 6. 0-0 Nc6 7. Re1 e5 8. dxe5 dxe5 9. Bg5 h6 10. Bh4 g5 11. Bg3 Nh5 12. Qc2 Qe7 13. Nbd2 Nf6 14. Bf1 Bg4 15. h3 Bh5 16. Nh2 Rad8 17. Nc4 Rd7 18. Ne3 Bg6 19. Rad1 Rfd8 20. f3 h5 21. Bf2 Nb8 22. Rxd7 Rxd7 23. Qb3 c6 24. Rd1 0-1

[Event "San Francisco TNM Spring op"]
[Site "San Francisco"]
[Date "2006.05.09"]
[Round "7"]
[White "Chan, John"]
[Black "Gray, William"]
[Result "0-1"]
[WhiteElo "1693"]
[BlackElo "2022"]
[PlyCount "74"]
[EventDate "2006.03.28"]
[EventType "swiss"]
[EventRounds "8"]
[EventCountry "USA"]
[SourceTitle "EXT 2007"]
[Source "ChessBase"]
[SourceDate "2006.11.23"]
[SourceVersion "1"]
[SourceVersionDate "2006.11.23"]
[SourceQuality "1"]

1. c4 e5 2. Nc3 Nf6 3. g3 d5 4. cxd5 Nxd5 5. Bg2 Nb6 6. b3 Nc6 7. Nf3 Bg4 8. 0-0 Qd7 9. d3 0-0-0 10. Be3 h5 11. a4 Bh3 12. a5 Nd5 13. Nxd5 Bxg2 14. Kxg2 Qxd5 15. Kg1 f5 16. Bg5 Rd7 17. a6 b6 18. Qc2 Nd4 19. Nxd4 exd4 20. Qc4 Qxc4 21. bxc4 Bc5 22. h4 Re8 23. Ra2 Rd6 24. Rc1 Rde6 25. Kf1 Kd7 26. Rcc2 Bd6 27. Bc1 Re5 28. Bb2 f4 29. Bxd4 Rf5 30. f3 c5 31. Bc3 fxg3 32. Bd2 g2+ 33. Kxg2 Rxe2+ 34. Kf1 Rh2 35. Bg5 Rxf3+ 36. Kg1 Rhh3 37. Rg2 Be5 0-1